EFSANE SAVAŞÇI ZİNDANDAN KAÇIŞ (Record no. 1187950)

MARC details
000 -LEADER
sabit uzunluktaki kontrol alanı 00258nam a2200097Ia 4500
001 - KONTROL NUMARASI
kontrol alanı 1187950
005 - EN SON İŞLEMİN TARİH VE ZAMANI
kontrol alanı 20250827021021.0
008 - SABİT-UZUNLUKTA VERİ ÖĞELERİ--GENEL BİLGİ
sabit uzunluktaki kontrol alanı 250824s9999 xx 000 0 und d
245 #0 - ESER / YAZAR
ESER ADI EFSANE SAVAŞÇI ZİNDANDAN KAÇIŞ
Yazar Adı MEHMET AKBULUT
260 ## - YAYIN, DAĞITIM, VB.
YAYIN EVİ CARPEDİEM
Holdings
Düşüm durumu Kayıp durumu Hasar Durumu Ödünç verilmez Ana kütüphane Geçerli Kütüphane Edinilen tarih Toplam ödünç verme sayısı Barkod Son görüntüleme tarihi Fiyatın geçerli olmaya başladığı tarih Koha materyal türü
        AHMET HAZIM ULUŞAHİN İMAM HATİP ORTAOKULU AHMET HAZIM ULUŞAHİN İMAM HATİP ORTAOKULU 24.08.2025   10992109 27.08.2025 27.08.2025 Books